| 000 | 00821nam a22001817a 4500 | ||
|---|---|---|---|
| 999 |
_c60724 _d60724 |
||
| 005 | 20231013164416.0 | ||
| 008 | 231013s2009 ru ||||| |||| 00| 0 rus d | ||
| 020 | _a9789197775137 | ||
| 041 | _arus | ||
| 080 | _a930.85(479)+ 008(=35) M-54 | ||
| 100 |
_aМетревели, Роин Викторович _920076 |
||
| 245 |
_aКавказская цивилизация в контексте глобализации / _cРоин Метревели; Национальная академия наук Грузии. |
||
| 264 |
_aСтокгольм : _bCA&CC press, _c2009. |
||
| 300 |
_a108 с. ; _b20 см. |
||
| 521 | _aბიბლიოგრაფია ტექსტის შენიშვნებში. | ||
| 653 | _aკავკასიური ცივილიზაცია. | ||
| 942 |
_2udc _cBK |
||